First aid manual for nurses
Saved in:
| Hovedforfatter: | |
|---|---|
| Format: | Bog |
| Sprog: | engelsk |
| Udgivet: |
CBS Publishers
2020
|
| Tags: |
Tilføj Tag
Ingen Tags, Vær først til at tagge denne postø!
|
MARC
| LEADER | 00000nam a22000007a 4500 | ||
|---|---|---|---|
| 008 | 211020b ||||| |||| 00| 0 eng d | ||
| 020 | |a 9789388178556 | ||
| 100 | |a SIRA, Sanju | ||
| 245 | |a First aid manual for nurses |c Sanju Sira |g X,198p.:ill. | ||
| 260 | |b CBS Publishers |c 2020 |h New Delhi |i 697070 |i 697071 |l RJ247.Si8 |m School nursing--Handbooks, manuals, etc. |m CPR (First aid) |m Nursing | ||
| 500 | |a It includes index | ||
| 942 | |a lcc |c BK |e Kuteyi M. A |f 20/10/2021 | ||
| 952 | |0 0 |1 0 |2 lcc |4 0 |6 RJ0247 S I8 |7 0 |9 3643 |a HOL |b HOL |c QZ |d 2021-10-20 |l 0 |o RJ247.Si8 |p 2021-67379 |r 2021-10-20 00:00:00 |w 2021-10-20 |y BK | ||
| 952 | |0 0 |1 0 |2 lcc |4 0 |6 RJ0247 S I8 |7 0 |9 3644 |a HOL |b HE |c QZ |d 2021-10-20 |l 0 |o RJ247.Si8 |p 2021-67380 |r 2021-10-20 00:00:00 |w 2021-10-20 |y BK | ||
| 999 | |c 1806 |d 1806 | ||